000 00472nam a2200145Ia 4500
008 170224s9999 xx 000 0 und d
100 _aReham Ebrahim
245 2 _aA brand preference and repurchase intention model: the role of consumer experience
245 _cReham Ebrahim, Ahmad Ghoneim, Zahir Irani & Ying Fan
260 _bJournal of Marketing Research
260 _c2016
300 _a32:13-14, Pages: 1230-1259
500 _aOctober
650 _xMarketing.
999 _c315971
_d315971